Aplikácia nanotechnológií v potravinárstve bakalárska práca

Saved in:
Bibliographic Details
Main Author: Piatka, Michal
Format: Book
Language:Slovak
Published: Bratislava STU FCHPT 2014
Online Access:View in OPAC
Tags: Add Tag
No Tags, Be the first to tag this record!

MARC

LEADER 00000nam a2200000 a 4500
005 20260127134117.0
008 140827 2014 000 0 slo d
035 |a vtls010616755 
039 9 |y 201408271306  |z mschk03 
040 |a STUSCHK1  |b slo  |c STUSCHK1  |e AACR2 
100 1 |a Piatka, Michal 
245 1 |a Aplikácia nanotechnológií v potravinárstve  |b bakalárska práca  |c Michal Piatka 
260 |a Bratislava  |b STU FCHPT  |c 2014 
300 |a 51 s.  |b Obr., grafy  |c 30cm 
500 |a Obhájené: 15.7.2014 
500 |a Štud. program: výživa-kozmetika-ochrana zdravia 
500 |a Štud. odbor: potravinárstvo 
500 |a Školiace pracovisko: Odd. potravinárskej technológie 
500 |a Evid. číslo: FCHPT-13046-69563 
910 |a SCHK95 
999 |c 4305  |d 4305